[Event "Thüringenliga 2025/26"]
[Site "?"]
[Date "2026.01.18"]
[Round "5.3"]
[White "Wicklein, Stefan"]
[Black "May, Alexander"]
[Result "0-1"]
[WhiteElo "2003"]
[BlackElo "1903"]
[WhiteFideId "-1"]
[BlackFideId "-1"]
[PlyCount "120"]
[GameId "2268055325932607"]
[EventDate "2025.09.14"]
[EventType "team-tourn"]
[EventRounds "9"]
[SourceTitle "Thueringer Schachbund"]
[Source "ThSB"]
[SourceDate "2025.09.14"]
[SourceVersion "1"]
[SourceVersionDate "2025.09.14"]
[SourceQuality "1"]
[WhiteTeam "fuß brothers Jena"]
[BlackTeam "SC Rochade Leinefelde"]

{[%evp 0,120,27,29,22,6,41,21,27,29,36,27,27,36,28,22,31,9,9,15,15,4,0,14,6,16,9,15,28,-15,-8,-3,11,-17,-16,-14,-8,-5,-3,-4,-6,-11,-7,-17,0,-14,-5,-7,8,7,5,5,-15,-4,-32,-27,-33,-19,0,0,0,0,0,-28,0,-41,-45,-43,-51,-43,-35,-72,80,0,-27,-21,-19,-27,-27,-27,-27,-49,-35,-50,-45,-253,-257,-273,-288,-233,-105,-276,-177,-276,-254,-252,-247,-311,-343,-357,-379,-431,-431,-431,-439,-425,-425,-887,-892,-1036,-1078,-1103,-1122,-1144,-1215,-1345,-1572,-2091,-1431,-29979,-29986,-29993,-29994]} 1. d4 d5 2. c4 c6 3. cxd5 cxd5 4. Bf4 e6 5. Nc3 Bd6 6. Bxd6 Qxd6 7. e3 a6 8. f4 Nf6 9. Bd3 b5 10. Nf3 Bb7 11. O-O Nbd7 12. Rc1 O-O 13. Ne5 Ne4 14. Nxd7 Qxd7 15. Nxe4 dxe4 16. Bb1 Rac8 17. Rf2 h6 18. Rfc2 Rxc2 19. Rxc2 Rc8 20. Qc1 Rxc2 21. Qxc2 Qd6 22. Kf2 f5 23. a3 a5 24. Qc3 b4 25. axb4 axb4 26. Qc4 Bd5 27. Qc8+ Kh7 28. Bc2 b3 29. Bd1 Qb4 30. Qc1 Bc4 31. Be2 Bd3 32. Qe1 Qc4 33. Qd2 Qc2 34. Ke1 Qb1+ 35. Kf2 Bc2 36. Qc3 Bd1 37. Qd2 Bxe2 38. Qxe2 Qc1 39. Kg3 Kg6 40. Kf2 Kf6 41. h4 g5 42. Qh5 Qxb2+ 43. Kg3 gxf4+ 44. Kh2 Qc2 45. Qxh6+ Kf7 46. Qh7+ Ke8 47. Qg8+ Kd7 48. Qf7+ Kd6 49. d5 Kxd5 50. Qd7+ Kc4 51. Qd4+ Kb5 52. Qe5+ Kb4 53. exf4 b2 54. Qb8+ Kc3 55. Qe5+ Kd3 56. Qb5+ Kd2 57. Qb4+ Ke2 58. Qb5+ Ke1 59. Qb4+ Kf1 60. Qc4+ Qxc4 0-1

[Event "Thüringenliga 2025/26"]
[Site "?"]
[Date "2026.01.18"]
[Round "5.4"]
[White "Körner, Jonas"]
[Black "Kloß, Thomas"]
[Result "1-0"]
[WhiteElo "1889"]
[BlackElo "1924"]
[WhiteFideId "-1"]
[BlackFideId "-1"]
[PlyCount "50"]
[GameId "2268352404753494"]
[EventDate "2025.09.14"]
[EventType "team-tourn"]
[EventRounds "9"]
[SourceTitle "Thueringer Schachbund"]
[Source "ThSB"]
[SourceDate "2025.09.14"]
[SourceVersion "1"]
[SourceVersionDate "2025.09.14"]
[SourceQuality "1"]
[WhiteTeam "SC Rochade Leinefelde"]
[BlackTeam "fuß brothers Jena"]

{[%evp 0,50,30,30,50,60,47,28,22,14,40,22,75,70,50,67,56,30,63,34,71,54,65,54,78,98,76,88,48,32,40,18,26,29,21,-1,-2,1,71,76,327,30,49,287,278,0,0,0,1429,1405,1487,1530,1751]} 1. e4 c5 2. Nf3 Nc6 3. d4 cxd4 4. Nxd4 Nf6 5. Nc3 g6 6. Nxc6 bxc6 7. e5 Nh5 8. Bc4 Qa5 9. O-O Qxe5 10. Re1 Qc7 11. Qf3 e6 12. g4 Ng7 13. Bf4 Bd6 14. Bxd6 Qxd6 15. Ne4 Qe7 16. Nf6+ Kf8 17. Rad1 h5 18. g5 Nf5 19. Qc3 Ng7 20. Qe5 d5 21. Bxd5 cxd5 22. Rxd5 a5 23. Qd4 e5 24. Rd8+ Ne8 25. Rxe5 Be6 1-0

[Event "Thüringenliga 2025/26"]
[Site "?"]
[Date "2026.01.18"]
[Round "5.5"]
[White "Richter, Sebastian"]
[Black "Meitzner, Johan Eduard"]
[Result "1/2-1/2"]
[WhiteElo "1845"]
[BlackElo "1701"]
[WhiteFideId "-1"]
[BlackFideId "-1"]
[PlyCount "54"]
[GameId "2268383230590107"]
[EventDate "2025.09.14"]
[EventType "team-tourn"]
[EventRounds "9"]
[SourceTitle "Thueringer Schachbund"]
[Source "ThSB"]
[SourceDate "2025.09.14"]
[SourceVersion "1"]
[SourceVersionDate "2025.09.14"]
[SourceQuality "1"]
[WhiteTeam "fuß brothers Jena"]
[BlackTeam "SC Rochade Leinefelde"]

{[%evp 0,54,29,33,52,58,54,22,22,14,24,27,72,91,73,60,64,72,77,70,68,41,51,32,84,25,30,67,73,41,71,64,72,29,28,30,65,63,59,64,68,65,86,87,106,100,104,79,90,94,82,71,79,73,76,55,59]} 1. e4 c5 2. Nf3 e6 3. d4 cxd4 4. Nxd4 Nc6 5. Nc3 Qc7 6. Be2 a6 7. O-O Nf6 8. Be3 Be7 9. f4 d6 10. a4 O-O 11. Kh1 b6 12. Nxc6 Qxc6 13. e5 dxe5 14. fxe5 Nd5 15. Nxd5 exd5 16. Bf3 Be6 17. c3 Rab8 18. Bd4 g6 19. Be2 Qb7 20. Bd3 a5 21. Qd2 Rfe8 22. Rf3 Bf8 23. Raf1 Bg7 24. Qf2 Rf8 25. Qh4 Qc7 26. Re1 Rfe8 27. Rfe3 Re7 1/2-1/2

[Event "Thüringenliga 2025/26"]
[Site "?"]
[Date "2026.01.18"]
[Round "5.6"]
[White "Frank, Thomas"]
[Black "Latka, Robert"]
[Result "1-0"]
[WhiteElo "1831"]
[BlackElo "1850"]
[WhiteFideId "-1"]
[BlackFideId "-1"]
[PlyCount "73"]
[GameId "2268388549352609"]
[EventDate "2025.09.14"]
[EventType "team-tourn"]
[EventRounds "9"]
[SourceTitle "Thueringer Schachbund"]
[Source "ThSB"]
[SourceDate "2025.09.14"]
[SourceVersion "1"]
[SourceVersionDate "2025.09.14"]
[SourceQuality "1"]
[WhiteTeam "SC Rochade Leinefelde"]
[BlackTeam "fuß brothers Jena"]

{[%evp 0,73,29,21,27,6,48,6,31,33,26,31,24,15,17,-3,26,-39,-10,-38,25,33,73,29,45,55,117,115,149,140,155,92,87,100,198,197,296,255,295,52,155,171,314,250,324,388,559,475,491,503,743,765,886,917,939,712,751,703,721,668,682,698,746,769,807,821,827,827,849,862,911,804,879,920,1187,1205]} 1. d4 Nf6 2. c4 g6 3. f3 d5 4. cxd5 Nxd5 5. e4 Nb6 6. Nc3 Bg7 7. Be3 O-O 8. Qd2 Nc6 9. O-O-O Na5 10. b3 Nd7 11. g4 b6 12. h4 c5 13. dxc5 bxc5 14. Bb5 Nxb3+ 15. axb3 Qa5 16. Nge2 Rb8 17. Ba4 c4 18. Nd5 Qa6 19. Nb4 Qf6 20. Nd4 Nc5 21. g5 Qb6 22. Ndc6 Rb7 23. Qf2 Nxb3+ 24. Bxb3 Qb5 25. Rd5 cxb3 26. Rxb5 Rxb5 27. Bd4 e5 28. Bxa7 Bd7 29. Ne7+ Kh8 30. Ned5 Ra5 31. Kb2 Ra8 32. Ra1 Rxa1 33. Kxa1 Bf8 34. Kb2 Be6 35. Kxb3 Bd6 36. Qb6 Bxb4 37. Kxb4 1-0

[Event "Thüringenliga 2025/26"]
[Site "?"]
[Date "2026.01.18"]
[Round "5.7"]
[White "Götting, Danilo"]
[Black "Hellrung, Bernhard"]
[Result "1-0"]
[WhiteElo "1711"]
[BlackElo "1775"]
[WhiteFideId "-1"]
[BlackFideId "-1"]
[PlyCount "91"]
[GameId "2268523715980495"]
[EventDate "2025.09.14"]
[EventType "team-tourn"]
[EventRounds "9"]
[SourceTitle "Thueringer Schachbund"]
[Source "ThSB"]
[SourceDate "2025.09.14"]
[SourceVersion "1"]
[SourceVersionDate "2025.09.14"]
[SourceQuality "1"]
[WhiteTeam "fuß brothers Jena"]
[BlackTeam "SC Rochade Leinefelde"]

{[%evp 0,91,27,23,75,65,75,60,67,61,66,-6,-2,-2,11,3,11,8,14,-14,0,0,-8,-44,-24,-19,-4,0,98,44,35,19,46,6,46,34,55,43,51,46,49,33,33,72,58,70,99,69,148,149,145,157,169,157,155,170,180,197,202,191,201,188,198,171,167,174,159,166,152,144,143,114,113,96,99,77,89,95,124,88,88,90,96,97,109,108,92,59,216,224,695,692,724,711]} 1. e4 d6 2. d4 Nf6 3. Nc3 Nbd7 4. f4 e5 5. d5 c6 6. Nf3 Qc7 7. Bd3 Be7 8. O-O O-O 9. Qe1 Nc5 10. fxe5 dxe5 11. dxc6 bxc6 12. Qg3 Nxd3 13. cxd3 Kh8 14. Qxe5 Bd6 15. Qg5 h6 16. Qd2 Ng4 17. h3 Nh2 18. Nxh2 Bxh2+ 19. Kh1 Ba6 20. Rf3 Rad8 21. Qc2 Be5 22. Na4 Bd4 23. Bf4 Be5 24. Bxe5 Qxe5 25. Rd1 Rd6 26. Nc5 Bc8 27. Qc3 Qh5 28. Rdf1 Bg4 29. Rg3 Rg6 30. d4 Bc8 31. Rxg6 Qxg6 32. Qf3 Qd6 33. Qe3 Be6 34. e5 Qd5 35. a3 Rd8 36. Nxe6 Qxe6 37. Rd1 Kg8 38. Qc3 f6 39. exf6 Qxf6 40. Qc4+ Kh8 41. b4 Rd5 42. a4 Qd6 43. b5 c5 44. Re1 Rxd4 45. Re8+ Kh7 46. Qg8+ 1-0

[Event "Thüringenliga 2025/26"]
[Site "?"]
[Date "2026.01.18"]
[Round "5.8"]
[White "Pfitzenreuter, Gerald"]
[Black "Richter, Jan"]
[Result "1/2-1/2"]
[WhiteElo "1852"]
[BlackElo "1887"]
[WhiteFideId "-1"]
[BlackFideId "-1"]
[PlyCount "28"]
[GameId "2268715551927541"]
[EventDate "2025.09.14"]
[EventType "team-tourn"]
[EventRounds "9"]
[SourceTitle "Thueringer Schachbund"]
[Source "ThSB"]
[SourceDate "2025.09.14"]
[SourceVersion "1"]
[SourceVersionDate "2025.09.14"]
[SourceQuality "1"]
[WhiteTeam "SC Rochade Leinefelde"]
[BlackTeam "fuß brothers Jena"]

{[%evp 0,28,26,18,27,6,32,41,57,-7,-17,11,11,8,6,-24,-14,-5,-3,2,12,-23,-23,-35,-41,-73,-27,-36,-17,-34,-22]} 1. d4 Nf6 2. c4 c5 3. d5 b5 4. a4 b4 5. Nd2 g6 6. e4 d6 7. Ngf3 Bg7 8. Bd3 O-O 9. O-O e5 10. dxe6 Bxe6 11. Qc2 Nc6 12. b3 Qc7 13. Bb2 Rad8 14. Rad1 Rfe8 1/2-1/2

[Event "Thüringenliga 2025/26"]
[Site "?"]
[Date "2026.01.11"]
[Round "5.1"]
[White "Aniol, Adrian"]
[Black "Junge, Mattheo Gabriel"]
[Result "0-1"]
[WhiteElo "1923"]
[BlackElo "1877"]
[WhiteFideId "-1"]
[BlackFideId "-1"]
[PlyCount "92"]
[GameId "2266341997211715"]
[EventDate "2025.09.14"]
[EventType "team-tourn"]
[EventRounds "9"]
[SourceTitle "Thueringer Schachbund"]
[Source "ThSB"]
[SourceDate "2025.09.14"]
[SourceVersion "1"]
[SourceVersionDate "2025.09.14"]
[SourceQuality "1"]
[WhiteTeam "VfL 1990 Gera"]
[BlackTeam "SV Schott Jena"]

{[%evp 0,57,27,19,61,51,52,44,57,59,50,32,24,13,40,37,34,31,31,26,0,4,0,-27,3,14,-6,-23,-20,10,-1,-53,-29,-29,-9,-13,-13,-23,-4,0,0,-11,-14,-13,4,-13,-7,0,-3,-17,-23,-21,-24,-12,-23,-7,0,-5,21,20]} 1. e4 c6 2. Nc3 d5 3. exd5 cxd5 4. d4 Nc6 5. h3 Nf6 6. Nf3 g6 7. Bb5 Bd7 8. O-O Bg7 9. Bg5 Ne4 10. Nxe4 dxe4 11. Nd2 a6 12. Bc4 Nxd4 13. Nxe4 Be6 14. Bxe6 Nxe6 15. Qd2 Qxd2 16. Bxd2 f5 17. Ng5 Nxg5 18. Bxg5 h6 19. Be3 Kf7 20. c3 Rhd8 21. Rfd1 b5 22. Rab1 g5 23. g4 f4 24. Bc5 Rac8 25. Bb6 Rxd1+ 26. Rxd1 Rc6 27. Ba5 Kg6 28. Kf1 Rc4 29. Bb4 Bf6 30. Rd5 f3 31. Rd3 Rf4 32. Bc5 h5 33. b3 hxg4 34. hxg4 Kf7 35. Be3 Rxg4 36. Bd2 e5 37. Rxf3 e4 38. Rh3 Rh4 39. Kg2 Ke6 40. f3 Rxh3 41. Kxh3 exf3 42. Kg3 g4 43. c4 Be5+ 44. Kf2 bxc4 45. bxc4 Kf5 46. Be3 Ke4 0-1

[Event "Thüringenliga 2025/26"]
[Site "?"]
[Date "2026.01.11"]
[Round "5.2"]
[White "Abou Wally, Adrian"]
[Black "Aniol, Nico"]
[Result "0-1"]
[WhiteElo "1923"]
[BlackElo "2071"]
[WhiteFideId "-1"]
[BlackFideId "-1"]
[PlyCount "134"]
[GameId "2266342000304196"]
[EventDate "2025.09.14"]
[EventType "team-tourn"]
[EventRounds "9"]
[SourceTitle "Thueringer Schachbund"]
[Source "ThSB"]
[SourceDate "2025.09.14"]
[SourceVersion "1"]
[SourceVersionDate "2025.09.14"]
[SourceQuality "1"]
[WhiteTeam "SV Schott Jena"]
[BlackTeam "VfL 1990 Gera"]

{[%evp 0,37,25,10,35,37,45,35,74,51,41,34,63,24,28,23,25,24,28,7,2,6,4,-23,-17,-17,-16,-18,-13,-22,-26,-24,-17,-18,-14,-14,-22,-30,-22,-22]} 1. e4 c5 2. Nf3 Nc6 3. Bb5 g6 4. O-O Bg7 5. Re1 e5 6. Bxc6 dxc6 7. d3 Ne7 8. Be3 b6 9. Qc1 O-O 10. Bh6 f6 11. h4 Be6 12. b3 Qc7 13. Nc3 Rae8 14. Ne2 Nc8 15. Ng3 Nd6 16. Bxg7 Qxg7 17. a4 a5 18. Qd2 Bg4 19. Nh2 Bc8 20. f4 Qh6 21. Rf1 Qxh4 22. fxe5 fxe5 23. Ne2 Bg4 24. Qe3 Bxe2 25. Qxe2 Kg7 26. Nf3 Qg3 27. Qf2 Qg4 28. Qh4 Qxh4 29. Nxh4 Rf4 30. g3 Rxf1+ 31. Rxf1 Re6 32. Nf3 h6 33. Kg2 g5 34. g4 Re7 35. Kg3 Kg6 36. Rf2 Re8 37. Rf1 Kg7 38. Kg2 Nc8 39. Nd2 Nd6 40. Nf3 b5 41. Ra1 Nb7 42. Rf1 Re7 43. Kg3 bxa4 44. bxa4 c4 45. Nd2 cxd3 46. cxd3 Nc5 47. Nc4 Nxd3 48. Nxa5 Ra7 49. Nxc6 Rxa4 50. Rf3 Ne1 51. Re3 Nc2 52. Rc3 Nd4 53. Nxd4 exd4 54. Rc6 Ra3+ 55. Kf2 Re3 56. Re6 Kf8 57. Rxh6 Rxe4 58. Kf3 Rf4+ 59. Kg3 Kf7 60. Rd6 Re4 61. Rd5 Ke6 62. Rd8 Re3+ 63. Kf2 Ke5 64. Re8+ Kf4 65. Rd8 Re4 66. Rf8+ Kxg4 67. Rf7 Rf4+ 0-1

[Event "Thüringenliga 2025/26"]
[Site "?"]
[Date "2026.01.11"]
[Round "5.3"]
[White "Seidens, Gunter"]
[Black "Kaipalath, Varun Raj"]
[Result "1/2-1/2"]
[WhiteElo "1927"]
[BlackElo "1853"]
[WhiteFideId "-1"]
[BlackFideId "-1"]
[PlyCount "110"]
[GameId "2266342000345157"]
[EventDate "2025.09.14"]
[EventType "team-tourn"]
[EventRounds "9"]
[SourceTitle "Thueringer Schachbund"]
[Source "ThSB"]
[SourceDate "2025.09.14"]
[SourceVersion "1"]
[SourceVersionDate "2025.09.14"]
[SourceQuality "1"]
[WhiteTeam "VfL 1990 Gera"]
[BlackTeam "SV Schott Jena"]

{[%evp 0,39,25,25,29,2,44,39,45,33,35,43,44,-1,38,13,36,39,19,12,49,42,42,36,52,53,40,47,39,29,45,-22,0,16,9,6,34,1,14,1,-5,0]} 1. d4 Nf6 2. c4 g6 3. Nc3 Bg7 4. e4 d6 5. Nf3 O-O 6. g3 c6 7. Bg2 Nbd7 8. O-O e5 9. dxe5 dxe5 10. h3 Qc7 11. Be3 Re8 12. Qc2 Nf8 13. Rad1 Ne6 14. Rd2 Bd7 15. Kh2 Rad8 16. Rfd1 b6 17. b4 Bf8 18. Qb3 Bc8 19. Rxd8 Rxd8 20. Rxd8 Nxd8 21. b5 h6 22. bxc6 Nxc6 23. Nd5 Nxd5 24. cxd5 Na5 25. Qb2 Nc4 26. Qc1 Ba3 27. Qc2 b5 28. Bxh6 a5 29. Bf1 Bd6 30. Bd3 Qd7 31. Bf1 Na3 32. Qc1 Kh7 33. Bg5 f5 34. Bf6 Nc4 35. Ng5+ Kg8 36. Ne6 fxe4 37. Qh6 Qh7 38. Qxh7+ Kxh7 39. Ng5+ Kg8 40. Nxe4 Bb8 41. Bg5 a4 42. Nc3 Bd7 43. Nxa4 Ba7 44. Kg1 Bd4 45. Be7 Nd2 46. Nc5 Bxc5 47. Bxc5 Nxf1 48. Kxf1 Bxh3+ 49. Ke2 Kf7 50. Ke3 Kf6 51. a3 Bd7 52. Bb4 g5 53. Ba5 g4 54. Bb6 Kf5 55. Bc7 Bc8 1/2-1/2

[Event "Thüringenliga 2025/26"]
[Site "?"]
[Date "2026.01.11"]
[Round "5.4"]
[White "Babrikowski, Peter"]
[Black "Huster, Mike"]
[Result "1-0"]
[WhiteElo "2100"]
[BlackElo "1906"]
[WhiteFideId "-1"]
[BlackFideId "-1"]
[PlyCount "73"]
[GameId "2266342000382022"]
[EventDate "2025.09.14"]
[EventType "team-tourn"]
[EventRounds "9"]
[SourceTitle "Thueringer Schachbund"]
[Source "ThSB"]
[SourceDate "2025.09.14"]
[SourceVersion "1"]
[SourceVersionDate "2025.09.14"]
[SourceQuality "1"]
[WhiteTeam "SV Schott Jena"]
[BlackTeam "VfL 1990 Gera"]

{[%evp 0,58,25,18,42,43,30,5,-2,3,-2,6,5,-14,6,16,30,36,33,-5,-4,-4,-8,-5,-3,-12,-12,-6,0,0,10,-17,8,-4,11,0,16,14,22,4,40,32,46,51,129,44,33,103,99,104,112,110,343,287,456,214,290,137,346,368,372]} 1. e4 e6 2. d4 d5 3. e5 c5 4. c3 Nc6 5. Nf3 Qb6 6. Be2 Bd7 7. O-O cxd4 8. cxd4 Nge7 9. Na3 Nf5 10. Nc2 Be7 11. b3 a5 12. g4 Nh4 13. Nxh4 Bxh4 14. Be3 h6 15. Qd2 Rc8 16. f4 Nb4 17. Rfc1 O-O 18. Nxb4 axb4 19. Bd3 Rxc1+ 20. Rxc1 Rc8 21. Rxc8+ Bxc8 22. Bb1 g6 23. Bxg6 fxg6 24. Qc2 Kh7 25. Qxc8 Qb5 26. Qc7+ Kh8 27. Qc2 Kg7 28. f5 gxf5 29. gxf5 exf5 30. Qc7+ Kg6 31. Qd6+ Kf7 32. e6+ Ke8 33. Bxh6 Be7 34. Qb8+ Bd8 35. e7 Kxe7 36. Bg5+ Ke6 37. Qxd8 1-0

[Event "Thüringenliga 2025/26"]
[Site "?"]
[Date "2026.01.11"]
[Round "5.5"]
[White "Schönfeld, Volker"]
[Black "Brömel, Richard"]
[Result "1/2-1/2"]
[WhiteElo "1846"]
[BlackElo "1972"]
[WhiteFideId "-1"]
[BlackFideId "-1"]
[PlyCount "33"]
[GameId "2266342000422983"]
[EventDate "2025.09.14"]
[EventType "team-tourn"]
[EventRounds "9"]
[SourceTitle "Thueringer Schachbund"]
[Source "ThSB"]
[SourceDate "2025.09.14"]
[SourceVersion "1"]
[SourceVersionDate "2025.09.14"]
[SourceQuality "1"]
[WhiteTeam "VfL 1990 Gera"]
[BlackTeam "SV Schott Jena"]

{[%evp 0,33,29,22,76,75,95,71,58,77,86,78,34,16,19,28,28,23,75,86,101,82,101,94,100,82,85,104,115,115,141,95,93,93,111,36]} 1. e4 g6 2. d4 c6 3. c4 d5 4. cxd5 cxd5 5. exd5 Nf6 6. Bb5+ Bd7 7. Bc4 b5 8. Bb3 Qb6 9. Nf3 Bg4 10. Be3 Bg7 11. O-O O-O 12. h3 Bxf3 13. Qxf3 Na6 14. Nc3 Nc7 15. Rfd1 a5 16. d6 exd6 17. Nd5 1/2-1/2

[Event "Thüringenliga 2025/26"]
[Site "?"]
[Date "2026.01.11"]
[Round "5.6"]
[White "Bönisch, Julian"]
[Black "Drechsel, Uwe"]
[Result "0-1"]
[WhiteElo "1851"]
[BlackElo "1866"]
[WhiteFideId "-1"]
[BlackFideId "-1"]
[PlyCount "62"]
[GameId "2266342000459848"]
[EventDate "2025.09.14"]
[EventType "team-tourn"]
[EventRounds "9"]
[SourceTitle "Thueringer Schachbund"]
[Source "ThSB"]
[SourceDate "2025.09.14"]
[SourceVersion "1"]
[SourceVersionDate "2025.09.14"]
[SourceQuality "1"]
[WhiteTeam "SV Schott Jena"]
[BlackTeam "VfL 1990 Gera"]

{[%evp 0,62,29,29,20,-12,-21,-5,27,7,3,-13,-14,-23,-14,-8,0,-21,4,-15,-18,-28,14,-12,-29,-34,20,35,87,75,78,83,102,59,108,5,98,80,73,17,11,23,29,-7,27,3,-4,-33,-9,-90,-78,-89,-97,-83,-101,-88,-148,-158,-174,-205,-228,-233,-234,-426,-404]} 1. Nf3 d5 2. g3 Nf6 3. Bg2 g6 4. O-O Bg7 5. d3 O-O 6. Nbd2 c5 7. e4 Nc6 8. c3 dxe4 9. dxe4 e5 10. Qc2 Qc7 11. Nc4 b5 12. Ne3 Ne7 13. a4 bxa4 14. Nc4 Nc6 15. Be3 Be6 16. Rxa4 Rfc8 17. Rd1 Bf8 18. h3 h6 19. Ne1 Nd7 20. Nd2 Rab8 21. Rda1 Rb7 22. b3 Rcb8 23. c4 Nd4 24. Bxd4 cxd4 25. Nd3 Nc5 26. Nxc5 Bxc5 27. Qc1 Bb4 28. Nf3 Kg7 29. R1a2 Bd7 30. Ra6 Bb5 31. Qa1 Bc3 0-1

[Event "Thüringenliga 2025/26"]
[Site "?"]
[Date "2026.01.11"]
[Round "5.7"]
[White "Pekrul, Jürgen"]
[Black "Jung, Florian"]
[Result "0-1"]
[WhiteElo "1786"]
[BlackElo "1961"]
[WhiteFideId "-1"]
[BlackFideId "-1"]
[PlyCount "94"]
[GameId "2266342000500809"]
[EventDate "2025.09.14"]
[EventType "team-tourn"]
[EventRounds "9"]
[SourceTitle "Thueringer Schachbund"]
[Source "ThSB"]
[SourceDate "2025.09.14"]
[SourceVersion "1"]
[SourceVersionDate "2025.09.14"]
[SourceQuality "1"]
[WhiteTeam "VfL 1990 Gera"]
[BlackTeam "SV Schott Jena"]

{[%evp 0,51,27,25,29,27,45,14,16,15,33,37,36,27,47,30,39,31,14,9,39,42,44,35,37,37,44,49,36,13,20,-6,1,-39,-29,-37,-5,-32,-14,-3,-3,-53,-44,-32,-27,-43,-36,-28,-24,-27,-12,-11,-11,-17]} 1. d4 Nf6 2. Nf3 g6 3. g3 Bg7 4. Bg2 d6 5. O-O O-O 6. c4 Nbd7 7. Nc3 c6 8. e4 e5 9. dxe5 dxe5 10. h3 Qc7 11. Be3 Rd8 12. Qb3 Nf8 13. Rad1 Be6 14. Rxd8 Rxd8 15. Ng5 b6 16. Nxe6 Nxe6 17. Rd1 Nd7 18. Qc2 Bf8 19. Ne2 Bc5 20. Bxc5 Ndxc5 21. b4 Nb7 22. h4 Rxd1+ 23. Qxd1 Qd6 24. Qa4 a5 25. c5 Qc7 26. cxb6 Qxb6 27. bxa5 Nxa5 28. Bf1 Qc5 29. Kg2 h5 30. Nc1 Qc3 31. Nb3 Nxb3 32. axb3 Nd4 33. Bc4 Qf3+ 34. Kg1 Qxe4 35. Qa8+ Kg7 36. Qe8 Nf3+ 37. Kg2 Nxh4+ 38. Kf1 Qb1+ 39. Ke2 Qb2+ 40. Ke3 Qc1+ 41. Ke2 Qc2+ 42. Ke3 Nf5+ 43. Kf3 Nd4+ 44. Kg2 Qe4+ 45. Kh2 Qf5 46. Kg1 h4 47. Bxf7 Nf3+ 0-1

[Event "Thüringenliga 2025/26"]
[Site "?"]
[Date "2026.01.11"]
[Round "5.8"]
[White "Vieweg, Klaus"]
[Black "Loos, Tilda"]
[Result "1/2-1/2"]
[WhiteElo "1933"]
[BlackElo "1845"]
[WhiteFideId "-1"]
[BlackFideId "-1"]
[PlyCount "39"]
[GameId "2266342000537674"]
[EventDate "2025.09.14"]
[EventType "team-tourn"]
[EventRounds "9"]
[SourceTitle "Thueringer Schachbund"]
[Source "ThSB"]
[SourceDate "2025.09.14"]
[SourceVersion "1"]
[SourceVersionDate "2025.09.14"]
[SourceQuality "1"]
[WhiteTeam "SV Schott Jena"]
[BlackTeam "VfL 1990 Gera"]

{[%evp 0,34,25,15,28,-13,-11,-3,16,19,24,-10,1,-6,0,-5,7,-14,0,-12,-3,-13,-2,-11,7,14,10,7,38,43,35,35,37,31,34,42,34]} 1. Nf3 Nf6 2. g3 d5 3. Bg2 e6 4. O-O b6 5. b3 Bb7 6. Bb2 c5 7. e3 Be7 8. c4 O-O 9. Qe2 Nbd7 10. Rd1 Qc7 11. Na3 a6 12. Rac1 Rac8 13. d4 Qb8 14. Ne5 dxc4 15. Nxd7 Nxd7 16. dxc5 Nxc5 17. Nxc4 Bxg2 18. Qg4 g6 19. Kxg2 Qb7+ 20. Kg1 1/2-1/2

[Event "Thüringenliga 2025/26"]
[Site "?"]
[Date "2026.01.11"]
[Round "5.1"]
[White "Sondermann, Johannes"]
[Black "Nguyen, Huy Dat"]
[Result "1-0"]
[WhiteElo "1997"]
[BlackElo "2069"]
[WhiteFideId "-1"]
[BlackFideId "-1"]
[PlyCount "177"]
[GameId "2266342100660306"]
[EventDate "2025.09.14"]
[EventType "team-tourn"]
[EventRounds "9"]
[SourceTitle "Thueringer Schachbund"]
[Source "ThSB"]
[SourceDate "2025.09.14"]
[SourceVersion "1"]
[SourceVersionDate "2025.09.14"]
[SourceQuality "1"]
[WhiteTeam "Meuselwitzer SV"]
[BlackTeam "SV Medizin Erfurt"]

1. e4 c5 2. c3 Nf6 3. e5 Nd5 4. Bc4 Nb6 5. Bb3 c4 6. Bc2 g6 7. Nf3 Bg7 8. O-O O-O 9. Qe2 d5 10. exd6 exd6 11. Re1 Nc6 12. Na3 d5 13. d3 cxd3 14. Bxd3 Bg4 15. h3 Bxf3 16. Qxf3 d4 17. c4 Ne5 18. Qg3 Nbd7 19. Bf4 Re8 20. Rad1 Qa5 21. Bd2 Qb6 22. b4 h5 23. c5 Qd8 24. Be4 Rb8 25. Nb5 Nf6 26. Nd6 Nxe4 27. Rxe4 Re6 28. f4 Rxd6 29. cxd6 Nc4 30. Bc1 Nxd6 31. Re2 Rc8 32. Bb2 Qb6 33. Qd3 Nf5 34. Kh2 Qxb4 35. Ba1 h4 36. Rb1 Qd6 37. Rf2 Bh6 38. Qe4 b6 39. Rd1 Rd8 40. Rd3 Kf8 41. Bb2 b5 42. Bc1 b4 43. Rc2 Re8 44. Qf3 Kg7 45. Rc6 Qe7 46. Bd2 a5 47. Rc1 Qe4 48. Kg1 Ng3 49. Kf2 Qxf3+ 50. Kxf3 Nf5 51. Rc5 Ra8 52. a3 bxa3 53. Rxa3 Kf6 54. Rcxa5 Rxa5 55. Rxa5 Bf8 56. Ke4 Kg7 57. Bc1 Bb4 58. Ra8 Bc3 59. Ba3 Kf6 60. Ra6+ Kg7 61. Bc5 Ng3+ 62. Kd3 Nf5 63. Bb6 Ne3 64. Bd8 Nd5 65. Ke4 d3 66. Rd6 Nb4 67. Bxh4 d2 68. Ke3 Nc2+ 69. Ke2 Nd4+ 70. Kd1 Nf5 71. Rd3 Nxh4 72. g3 Bf6 73. gxh4 Bxh4 74. Kxd2 Bf6 75. Rd6 Be7 76. Ra6 Bc5 77. Kd3 Be7 78. Ke4 Bd8 79. Rc6 Bf6 80. Kd5 Bh4 81. Ke5 Bg3 82. Rc3 Bh4 83. Ke4 Bf6 84. Rc4 Kh6 85. Kd5 Kh5 86. Rc7 Bb2 87. Rxf7 Kh4 88. Rh7+ Kg3 89. Ke4 1-0

[Event "Thüringenliga 2025/26"]
[Site "?"]
[Date "2026.01.11"]
[Round "5.2"]
[White "Wehner, Janis"]
[Black "Sniegowski, Richard"]
[Result "1/2-1/2"]
[WhiteElo "2081"]
[BlackElo "1921"]
[WhiteFideId "-1"]
[BlackFideId "-1"]
[PlyCount "33"]
[GameId "2266342100713555"]
[EventDate "2025.09.14"]
[EventType "team-tourn"]
[EventRounds "9"]
[SourceTitle "Thueringer Schachbund"]
[Source "ThSB"]
[SourceDate "2025.09.14"]
[SourceVersion "1"]
[SourceVersionDate "2025.09.14"]
[SourceQuality "1"]
[WhiteTeam "SV Medizin Erfurt"]
[BlackTeam "Meuselwitzer SV"]

{[%evp 0,33,19,28,69,75,76,76,60,48,48,40,32,44,58,16,8,11,10,-10,-8,-10,-13,-20,21,13,7,7,2,2,14,11,21,19,10,-5]} 1. e4 c6 2. d4 d5 3. e5 Bf5 4. Nf3 e6 5. Be2 Ne7 6. O-O Ng6 7. b3 Nd7 8. c4 dxc4 9. Bxc4 Be7 10. Re1 O-O 11. Ba3 Bxb1 12. Bxe7 Nxe7 13. Qxb1 Nb6 14. Qe4 Nbd5 15. Rac1 Nf5 16. Re2 Rc8 17. Bxd5 1/2-1/2